000 00980nam a2200265Ia 4500
999 _c34986
_d34986
001 822
003 GE_BSU
005 20220920162548.0
008 181216s2000||||rus|||||||||||||| ||ru ||
020 _a5932080671
040 _cGE_BSU
041 _aru
080 _a004.9 А-65
100 _aАндреева, Е.
_914647
245 _aСистемы счисления и компьютерная арифметика :
_bУчебное пособие. Лаборатория базовых знании /
250 _a2-е изд.
264 _aМосква,
_c2000
300 _a248 стр.
653 _aкомпьютерная арифметика
653 _aСистемы счисления и компьютерная арифметика
653 _aინფორმატიკა
653 _aსაინფორმაციო ტექნოლოგიები
700 _aФалина, И.
_eავტორი
_914648
942 _cBK
_2udc